| 000 | 07184cam a22019214i 4500 | ||
|---|---|---|---|
| 003 | PE-LiUPU | ||
| 005 | 20250813165815.0 | ||
| 008 | 150706s2009 mx a rb 000 0 spa d | ||
| 020 | _a9701069269 | ||
| 020 | _a9789701069264 | ||
| 035 | _a(Sirsi) i9789701069264 | ||
| 040 |
_aPE-LiUPU _bspa _cPE-LiUPU _dPE-LiUPU _erda |
||
| 049 | _aPRUA | ||
| 082 | 0 | 4 |
_a610.7 _bD37 _220 |
| 082 | 0 | 4 |
_a610.733 _bB17 _221 |
| 100 | 1 |
_aBalderas Pedrero, María de la Luz, _eautor. |
|
| 245 | 1 | 0 |
_aAdministración de los servicios de enfermería / _cMaría de la Luz Balderas Pedrero. |
| 250 | _aQuinta edicón. | ||
| 264 | 1 |
_aMéxico : _bMcGraw-Hill, _c2009. |
|
| 300 |
_a313 páginas : _bilustraciones ; _c23 centímetros |
||
| 336 |
_atext _2rdacontent |
||
| 337 |
_aunmediated _2rdamedia |
||
| 338 |
_avolume _2rdacarrier |
||
| 504 | _aBibliografía: páginas 299-301. | ||
| 504 | _aÍndice: páginas 303-313. | ||
| 505 | 0 | _aTeoría general de la administración -- Administración empírica -- La administración en México -- Administración clásica -- Periodo neoclásico de la administración -- Teorías contemporáneas de administración -- Otras tendencias -- Variables administrativas -- Filosofía de la administración -- Objetivos organizacionales -- Características de la administración -- Campos de acción de la administración -- La administración como ciencia social -- Conceptos de administración -- Importancia de la administración -- Perfil del administrador -- Funciones administrativas -- Principios de la planeación -- Organización -- Principios de la organización -- Integración -- Principios de la integración -- Dirección y liderazgo -- Comunicación -- Control -- Técnicas de control más empleadas -- Pasos del control -- Principios del control -- Preguntas y actividades para estudio -- Instrumentos y técnicas administrativas -- Instrumentos de la planeación -- Técnicas e instrumentos de la organización -- Técnicas de control -- Técnicas administrativas aplicadas a enfermería -- Los servicios de enfermería -- El sistema de salud en México -- El diagnóstico de salud -- El hospital -- El departamento de enfermería -- La atención de enfermería -- Sistemas de trabajo -- Liderazgo de enfermería -- Manejo de conflictos -- Calidad total en enfermería -- Consideraciones generales -- El sistema de salud y la calidad en México -- Recursos de enfermería y la calidad en México -- Conceptos de calidad -- Teóricos importantes en el enfoque de calidad -- El sistema de enfermería -- Instrumentos y técnicas útiles -- Modelo nacional para la calidad total -- Enfermería por procesos gerenciales -- Procesos gerenciales -- Los procesos y la serie de normas ISO 9000-2000 -- Gerencia de procesos en enfermería -- Procesos gerenciales en enfermería -- Liderazgo en enfermería -- Principios de la gerencia de procesos -- Instrumentos de los procesos operativos -- Gerencia para controlar los procesos de enfermería -- Gestionando la mejora -- Reflexiones y preguntas -- Reingeniería en enfermería -- Planeación estratégica en enfermería -- Investigación para administrar. | |
| 526 | _aP203 | ||
| 526 | _aP200 | ||
| 526 | _aSEG65 | ||
| 526 | _aSEG64 | ||
| 526 | _aSEG63 | ||
| 526 | _aSEG62 | ||
| 526 | _aSEG61 | ||
| 526 | _aSEG60 | ||
| 526 | _aSEG59 | ||
| 526 | _aSEG58 | ||
| 526 | _aSEG57 | ||
| 526 | _aSEG56 | ||
| 526 | _aSEG55 | ||
| 526 | _aSEG54 | ||
| 526 | _aSEG53 | ||
| 526 | _aSEG52 | ||
| 526 | _aSEG51 | ||
| 526 | _aSEG50 | ||
| 526 | _aSEG49 | ||
| 526 | _aSEG48 | ||
| 526 | _aSEG47 | ||
| 526 | _aSEG46 | ||
| 526 | _aSEG24 | ||
| 526 | _aSEG23 | ||
| 526 | _aSEG22 | ||
| 526 | _aSEG21 | ||
| 526 | _aSEG20 | ||
| 526 | _aSEG19 | ||
| 526 | _aSEG18 | ||
| 526 | _aSEG17 | ||
| 526 | _aSEG16 | ||
| 526 | _aSEG14 | ||
| 526 | _aSEG13 | ||
| 526 | _aSEG12 | ||
| 526 | _aSEG11 | ||
| 526 | _aSEG10 | ||
| 526 | _aSEG09 | ||
| 526 | _aSEG06 | ||
| 526 | _aSEG05 | ||
| 526 | _aSEG04 | ||
| 526 | _aSEG03 | ||
| 526 | _aSEG02 | ||
| 526 | _aSEG68 | ||
| 526 | _aSEG66 | ||
| 526 | _aSEG45 | ||
| 526 | _aSEG25 | ||
| 526 | _aSEG01 | ||
| 526 | _aP163 | ||
| 526 | _aP162 | ||
| 526 | _aP161 | ||
| 526 | _aP160 | ||
| 526 | _aP159 | ||
| 526 | _aP158 | ||
| 526 | _aP157 | ||
| 526 | _aP156 | ||
| 526 | _aP155 | ||
| 526 | _aP154 | ||
| 526 | _aP153 | ||
| 526 | _aP152 | ||
| 526 | _aP151 | ||
| 526 | _aP150 | ||
| 526 | _aP149 | ||
| 526 | _aP142 | ||
| 526 | _aP141 | ||
| 526 | _aP140 | ||
| 526 | _aP139 | ||
| 526 | _aP138 | ||
| 526 | _aP137 | ||
| 526 | _aP132 | ||
| 526 | _aP131 | ||
| 526 | _aP130 | ||
| 526 | _aP126 | ||
| 526 | _aP125 | ||
| 526 | _aP124 | ||
| 526 | _aP123 | ||
| 526 | _aP115 | ||
| 526 | _aP122 | ||
| 526 | _aP121 | ||
| 526 | _aP116 | ||
| 526 | _a P114 | ||
| 526 | _aP112 | ||
| 526 | _aP111 | ||
| 526 | _aP104 | ||
| 526 | _aP103 | ||
| 526 | _aP102 | ||
| 526 | _aP101 | ||
| 526 | _aP100 | ||
| 526 | _aP96 | ||
| 526 | _aP95 | ||
| 526 | _aP93 | ||
| 526 | _aP92 | ||
| 526 | _aP91 | ||
| 526 | _aP88 | ||
| 526 | _aP83 | ||
| 526 | _aP82 | ||
| 526 | _aP79 | ||
| 526 | _aP78 | ||
| 526 | _aP75 | ||
| 526 | _aP74 | ||
| 526 | _aP71 | ||
| 526 | _aP69 | ||
| 526 | _a P51 | ||
| 526 | _aP49 | ||
| 526 | _aP48 | ||
| 526 | _aP47 | ||
| 526 | _aP33 | ||
| 526 | _aP31 | ||
| 526 | _a P30 | ||
| 526 | _aP29 | ||
| 526 | _aP27 | ||
| 526 | _aP26 | ||
| 526 | _aP25 | ||
| 526 | _aP24 | ||
| 526 | _a P22 | ||
| 526 | _aP10 | ||
| 526 | _aP09 | ||
| 526 | _a P08 | ||
| 526 | _aP06 | ||
| 526 | _aP05 | ||
| 526 | _aP04 | ||
| 526 | _aP01 | ||
| 541 | _g001-000032; | ||
| 541 | _g001-000032; | ||
| 541 | _g001-000238; | ||
| 650 | 1 | 4 |
_aHospitales _xServicios de enfermería. |
| 910 |
_bjv _cng _d20100929 |
||
| 910 |
_cwelc _d20161024 |
||
| 942 |
_2ddc _cBOOK |
||
| 994 |
_aC0 _bPEPRU |
||
| 596 | _a1 3 | ||
| 999 |
_a610.733 B17 2009 _wDEWEY _c51191 _i62104 _d51191 _e2016-8-12 _f2021-11-3 _g5 _lCCODEBUL1 _mBUL _n2 _p25.00 _r0 _sY _tBOOK _u2015-7-6 _xSALUD _zP22 _0COMPRA _o.STAFF. Colección Ciencias de la Salud |
||
| 999 |
_a610.733 B17 2009 _wDEWEY _c2 _i65071 _d2017-11-6 _e2017-8-9 _f2021-11-3 _g5 _lCCODEBUL1 _mBUL _n1 _p25.00 _q1 _r0 _sY _tBOOK _u2015-7-6 _xSALUD _zP22 _0COMPRA _o.STAFF. Colección Ciencias de la Salud |
||
| 999 |
_a610.733 B17 2009 _wDEWEY _c3 _i65072 _d2019-12-18 _e2019-11-25 _f2021-11-3 _g6 _lCCODEBUL1 _mBUL _n6 _p25.00 _r0 _sY _tBOOK _u2015-7-6 _xSALUD _zP22 _0COMPRA _o.STAFF. Colección Ciencias de la Salud |
||
| 999 |
_a610.7 B17 2009 _wDEWEY _c1 _iFJ03194 _f2022-1-25 _g3 _lCCODEBUJ1 _mBUJ _p25.00 _r0 _sY _tBOOK _u2015-9-10 _xSALUD _PP22 _0COMPRA _o.STAFF. Colección General Juliaca |
||
| 999 |
_a610.7 B17 2009 _wDEWEY _c2 _iFJ06103 _d2019-9-10 _f2022-1-25 _g3 _lCCODEBUJ1 _mBUJ _p25.00 _q1 _r0 _sY _tBOOK _u2017-1-26 _xSALUD _PP22 _0COMPRA _o.STAFF. Colección General Juliaca |
||
| 980 |
_81 _gALBERTO SANCHEZ Responsable de Automatización |
||